Código de conducta : (Registro nro. 68330)
[ vista simple ]
| 000 -LEADER | |
|---|---|
| fixed length control field | 01300cam a22003257i 4500 |
| 001 - CONTROL NUMBER | |
| control field | 68330 |
| 003 - CONTROL NUMBER IDENTIFIER | |
| control field | Mx-PuUPA |
| 005 - DATE AND TIME OF LATEST TRANSACTION | |
| control field | 20220919082716.0 |
| 008 - FIXED-LENGTH DATA ELEMENTS--GENERAL INFORMATION | |
| fixed length control field | 190715s2010 puma|||gr|||| 00| 0 spa d |
| 040 ## - CATALOGING SOURCE | |
| Original cataloging agency | Mx-PuUPA |
| Language of cataloging | spa |
| Transcribing agency | Mx-PuUPA |
| Modifying agency | Mx-PuUPA |
| Description conventions | rda |
| 041 0# - LANGUAGE CODE | |
| Language code of text/sound track or separate title | spa |
| 043 ## - GEOGRAPHIC AREA CODE | |
| Source of local code | mx-mxbn |
| Local GAC code | n-mx-pu |
| 110 2# - MAIN ENTRY--CORPORATE NAME | |
| Corporate name or jurisdiction name as entry element | Universidad Popular Autónoma del Estado de Puebla, |
| 9 (RLIN) | 6081 |
| 245 10 - TITLE STATEMENT | |
| Title | Código de conducta : |
| Remainder of title | versión del 23-IV-09 / |
| Statement of responsibility, etc. | Universidad Popular Autónoma del Estado de Puebla |
| 246 12 - VARYING FORM OF TITLE | |
| Title proper/short title | UPAEP : |
| Remainder of title | Código de conducta |
| 250 ## - EDITION STATEMENT | |
| Edition statement | Febrero |
| 264 #1 - PRODUCTION, PUBLICATION, DISTRIBUTION, MANUFACTURE, AND COPYRIGHT NOTICE | |
| Place of production, publication, distribution, manufacture | [Puebla, Puebla] : |
| Name of producer, publisher, distributor, manufacturer | Universidad Popular Autónoma del Estado de Puebla, |
| Date of production, publication, distribution, manufacture, or copyright notice | [2010] |
| 300 ## - PHYSICAL DESCRIPTION | |
| Extent | 12 hojas ; |
| Dimensions | 28 cm |
| 336 ## - CONTENT TYPE | |
| Fuente | rdacontent |
| Content type term | texto |
| Content type code | txt |
| 337 ## - MEDIA TYPE | |
| Source | rdamedia |
| Media type term | sin medio |
| Media type code | n |
| 338 ## - CARRIER TYPE | |
| Source | rdacarrier |
| Carrier type term | volumen |
| Carrier type code | nc |
| 650 #7 - SUBJECT ADDED ENTRY--TOPICAL TERM | |
| Topical term or geographic name entry element | Disciplina escolar |
| General subdivision | Estatus, reglamentos, etc. |
| Source of heading or term | armarc |
| 650 ## - SUBJECT ADDED ENTRY--TOPICAL TERM | |
| Topical term or geographic name entry element | Disciplina universitaria |
| Source of heading or term | armarc |
| 650 #7 - SUBJECT ADDED ENTRY--TOPICAL TERM | |
| Topical term or geographic name entry element | Ética profesional |
| Source of heading or term | armarc |
| 650 #7 - SUBJECT ADDED ENTRY--TOPICAL TERM | |
| Topical term or geographic name entry element | Universidades |
| Form subdivision | Reglamento escolar |
| Source of heading or term | armarc |
| 856 40 - ELECTRONIC LOCATION AND ACCESS | |
| Host name | upaep.mx |
| Uniform Resource Identifier | https://upaep.mx/colaboradores/inicio/3647 |
| Public note | Requiere inicio de sesión y contraseña, siga la ruta: Reglas y procedimientos / Código de Conducta |
| 942 ## - ADDED ENTRY ELEMENTS (KOHA) | |
| Source of classification or shelving scheme | Dewey Decimal Classification |
| Koha item type | Libro |
| Classification part | 378.195 |
| Item part | C66 |
| Withdrawn status | Lost status | Source of classification or shelving scheme | Damaged status | Not for loan | Collection code | Home library | Current library | Shelving location | Date acquired | Source of acquisition | Total Checkouts | Full call number | Barcode | Price effective from | Koha item type |
|---|---|---|---|---|---|---|---|---|---|---|---|---|---|---|---|
| Dewey Decimal Classification | Consulta en sala | UPAEP | Biblioteca Karol Wojtyla | Biblioteca Karol Wojtyla | Sala "Colecciones Especiales" | 03/12/2013 | Compra | 378.195 C66 2010 | 61944 | 03/12/2013 | Folleto |